The World Bank Economic Review (Record no. 18728)

MARC details
000 -LEADER
fixed length control field 00507nam a22001817a 4500
003 - CONTROL NUMBER IDENTIFIER
control field OSt
005 - DATE AND TIME OF LATEST TRANSACTION
control field 20250303122524.0
008 - FIXED-LENGTH DATA ELEMENTS--GENERAL INFORMATION
fixed length control field 250303b |||||||| |||| 00| 0 eng d
020 ## - INTERNATIONAL STANDARD BOOK NUMBER
International Standard Book Number 019-851661-4
040 ## - CATALOGING SOURCE
Transcribing agency Chuka University
050 ## - LIBRARY OF CONGRESS CALL NUMBER
Classification number HC 59.69
Item number W 67 2002 V.16 C.2
100 ## - MAIN ENTRY--PERSONAL NAME
Personal name World Bank
9 (RLIN) 261
245 ## - TITLE STATEMENT
Title The World Bank Economic Review
300 ## - PHYSICAL DESCRIPTION
Extent 319p
650 ## - SUBJECT ADDED ENTRY--TOPICAL TERM
Topical term or geographic name entry element World bank ......periodicals
9 (RLIN) 18560
650 ## - SUBJECT ADDED ENTRY--TOPICAL TERM
Topical term or geographic name entry element Economic condition .....developing Countries
9 (RLIN) 18561
942 ## - ADDED ENTRY ELEMENTS (KOHA)
Source of classification or shelving scheme Library of Congress Classification
Koha item type Long Loan Books
Suppress in OPAC No
Holdings
Withdrawn status Lost status Source of classification or shelving scheme Damaged status Not for loan Collection Home library Current library Shelving location Date acquired Total Checkouts Full call number Barcode Date last seen Copy number Price effective from Koha item type
    Library of Congress Classification     General Collection Books Main Campus Library Main Campus Library General Stacks 03/03/2025   HC 59.69 .W67 2002 V.16 C.2 23673/2024 03/03/2025 2 03/03/2025 Long Loan Books

Powered by Koha